000 00962cam a2200241 4500
001 agr68000211
003 DLC
005 20260227111030.0
008 690916s1968 dcu b 000 0 eng c
010 _aagr68000211
040 _aU.S. Nat'l. Agr. Libr.
_cDLC
_dDLC
070 0 _aA281.9 Ag83E no. 374
100 1 _aFaber, Frederic Lewis,
_d1914-
245 1 3 _aAn inventory of market news reports for poultry
_c[by Fred L. Faber and Dennis E. Stringer.
260 _aWashington]
_bEconomic Research Service, U.S. Dept. of Agriculture
_c[1968]
300 _aii, 33 p.
_c26 cm.
490 1 _a[United States. Dept. of Agriculture. Economic Research Service] ERS
_v374
650 0 _aPoultry
_xMarketing
_xBibliography.
650 3 _aPoultry
_xMarketing
_xBibliography.
650 3 _aMarket news service
_xBibliography.
700 1 _aStringer, Dennis E.,
_ejoint author.
810 1 0 _a[United States.
_bDepartment of Agriculture.
_bEconomic Research Service]
_tERS
_v374.
999 _c12515
_d12515